000 00330nam a2200145Ia 4500
008 191201s2011 xx 000 0 und d
082 _a658.3
_bSAH
100 _aSAIYADAIN, Mirza S
245 0 _aHuman Resource Management
250 _aRep
260 _aN. Delhi
_bTMH
_c2011
300 _a551
650 _aBBA
942 _2ddc
_cBK
999 _c5606
_d5606